000 00384nam a2200145Ia 4500
008 151213s9999 xx 000 0 und d
100 _aJeremy H, Awthorh
245 _aA Glossary of Contemporary Literary Theory
_cJeremy H, Awthorh
260 _aLondon
_bArnold
_c2000
300 _a2203 p.
650 _aEnglish
650 _aEnglish
700 _aJeremy H, Awthorh
999 _c1608
_d1608